Score 0/18 Timer 04:00
0 Plays Today
Song Title Missing Word % Correct
Ain't No Mountain High ____Enough
95.1%
(Get Off Your) High ____ LadyHorse
81.7%
Rock 'N' Roll High ____School
79.7%
____ Mountain HighRocky
77.6%
She's ____ HighSo
76.3%
Eight ____ HighMiles
71.8%
____ 'Em HighHang
67.4%
The ____ Is HighTide
64.4%
You Can ____ Get So HighOnly
62.4%
Song Title Missing Word % Correct
Hands ____ HighHeld
60.3%
River ____ -- Mountain HighDeep
59.4%
Why'd You Only ____ Me When You're High?Call
54.8%
High ____ the GroundAbove
50.5%
Danger! High ____Voltage
50.4%
High and ____Dry
40.7%
All ____ HighTime
34%
High ____ Fidelity
11.6%
____ HighAces
9.2%

Today's Daily Dose

Remove Ads.
Support Sporcle.
Get the best of Sporcle when you Go Orange. This ad-free experience offers more features, more stats, and more fun while also helping to support Sporcle. Thank you for becoming a member.

You're not logged in!

Compare scores with friends on all Sporcle quizzes.
OR
Log In

Show Comments

Extras

Top Quizzes Today


Score Distribution

Your Account Isn't Verified!

In order to create a playlist on Sporcle, you need to verify the email address you used during registration. Go to your Sporcle Settings to finish the process.

Report this User

Report this user for behavior that violates our Community Guidelines.

Details: